000 01097cam a2200265 4500
001 8725
005 20181127190610.0
008 821207s1981 cc af 001 0 eng
010 _a 82137510
082 0 0 _a306/.0951
_219
100 1 _aTung, Fei, Hsiao.
245 1 0 _aToward a people's anthropology /
_cFei Hsiao Tung.
250 _a1st ed.
260 _aBeijing, China :
_bNew World Press :
_bDistributed by Guoji Shudian,
_c1981.
300 _avi, 121 p., [25] p. of plates :
_bill. ;
_c21 cm.
490 1 _aChina studies series
500 _aIncludes index.
505 0 _aToward a people's anthropology -- China's national minorities -- On the social transformation of China's national minorities -- Ethnic identification in China -- Modernization and national minorities in China -- Revisiting the mountains of the Yao people.
650 0 _aEthnology
_zChina.
650 0 _aMinorities
_zChina.
651 0 _aChina
_xSocial life and customs.
830 0 _aChina studies series (Beijing, China)
906 _a7
_bcbc
_corignew
_d2
_encip
_f19
_gy-gencatlg
999 _c7561
_d7561